Miglior piazzamento in UEFA Champions League - Quiz n°4 - Statistics

Statistiche generali
  • Questo quiz è stato fatto 19 volte
  • Il punteggio medio è 7 su 17
Statistiche sulle risposte
Hint Risposta % Corretto
Rostov Fase a gironi
72%
Roma Semifinale
72%
Tottenham Finale
67%
Udinese Fase a gironi
61%
Valencia Finale
50%
Malaga Quarti di finale
50%
Twente Fase a gironi
44%
Red Bull Salisburgo Ottavi di finale / Seconda fase a gironi
44%
Partizan Belgrado Fase a gironi
39%
Bordeaux Quarti di finale
39%
Galatasaray Quarti di finale
28%
Genk Fase a gironi
22%
Sporting Braga Fase a gironi
17%
Sparta Praga Ottavi di finale / Seconda fase a gironi
17%
Göteborg Quarti di finale
17%
Schalke 04 Semifinale
17%
Amburgo Fase a gironi
6%
Nessun quiz corrispondente trovato
Distribuzione punteggi
Percentuale di utenti per punteggio
Percentile per numero di risposta
I tuoi punteggi nel tempo
Non hai fatto questo quiz